• 首页
  • 本馆介绍
  • 公告通知
  • 最新文献
  • 馆藏检索
  • 电子资源
  • 读者导购
  • 参考咨询
  • 我的图书馆
  • 登录
  • 详细信息显示
  • 放入我的书架
  • 预约/预借图书
  • 作者相关作品
  • 分类相关作品
  • 丛书相关作品
  • 出版社相关作品

书目信息

  • 表格格式
  • 工作单格式
  • 卡片格式
题名:
堆石混凝土技术
    
 
作者: 金峰 , 安雪晖 , 周虎 著
分册:  
出版信息: 北京   中国建筑工业出版社  2017
页数: 168页
开本: 26cm
丛书名:
单 册:
中图分类: TV642
科图分类:
主题词: 混凝土坝
电子资源:
ISBN: 978-7-112-18545-0
000 01287nam0 2200277 450
001 2368551866
005 20231202190242.04
010    @a978-7-112-18545-0@dCNY36.00
100    @a20160220d2017 em y0chiy50 ea
101 0  @achi
102    @aCN@b110000
105    @aak a 000yy
200 1  @a堆石混凝土技术@Adui shi hun ning tu ji shu@f金峰, 安雪晖, 周虎著
210    @a北京@c中国建筑工业出版社@d2017
215    @a168页@c图@d26cm
312    @a英文并列题名取自封面
320    @a有书目 (第166-168页)
330    @a堆石混凝土是我国自主知识产权的新型混凝土技术, 具有水化热低、工艺简便、施工快速、节省成本等特点, 得到了国家发改委和水利、水电、铁路、交通、港口等行业认证与推广, 近年来在我国水利、水电行业得到了一定的推广和应用。为全面推动水电行业堆石混凝土技术的发展和应用, 为堆石混凝土工程建设提供理论依据和实践经验, 本书结合实际工程对堆石混凝土的综合性能、仿真分析、结构设计、施工工艺、控制标准和检验方法等开展了试验研究、数值模拟、现场试验, 并依托沙坪二级水电站主体工程堆石混凝土施工开展了工程实践, 取得了良好的效果。
510 1  @aRock-filled concrete technology@zeng
606 0  @a混凝土坝
690    @aTV642@v5
701  0 @a金峰@Ajin feng@4著
701  0 @a安雪晖@Aan xue hui@4著
701  0 @a周虎@Azhou hu@4著
801  0 @aCN@b湖北三新@c20170220
905    @aZUCC@dTV642@e1
    
    堆石混凝土技术/金峰, 安雪晖, 周虎著.-北京:中国建筑工业出版社,2017
    168页:图;26cm
    
    
    ISBN 978-7-112-18545-0:CNY36.00
    堆石混凝土是我国自主知识产权的新型混凝土技术, 具有水化热低、工艺简便、施工快速、节省成本等特点, 得到了国家发改委和水利、水电、铁路、交通、港口等行业认证与推广, 近年来在我国水利、水电行业得到了一定的推广和应用。为全面推动水电行业堆石混凝土技术的发展和应用, 为堆石混凝土工程建设提供理论依据和实践经验, 本书结合实际工程对堆石混凝土的综合性能、仿真分析、结构设计、施工工艺、控制标准和检验方法等开展了试验研究、数值模拟、现场试验, 并依托沙坪二级水电站主体工程堆石混凝土施工开展了工程实践, 取得了良好的效果。
●
相关链接 在五车中查询图书 在当当中查询图书 在豆瓣中查询图书


正题名:堆石混凝土技术     索取号:TV642/1         预约/预借

序号 登录号 条形码 馆藏地/架位号 状态 备注
1 2001303117   2001303117   320书库/ [索取号:TV642/1] 在馆    
2 2001303118   2001303118   320书库/ [索取号:TV642/1] 在馆    
3 2001303119   2001303119   320书库/ [索取号:TV642/1] 在馆    
4 2001303120   2001303120   320书库/ [索取号:TV642/1] 在馆    
5 2001303121   2001303121   320书库/ [索取号:TV642/1] 在馆    
6 2001303122   2001303122   320书库/ [索取号:TV642/1] 在馆    
7 2001303123   2001303123   320书库/ [索取号:TV642/1] 在馆    
8 2001303124   2001303124   320书库/ [索取号:TV642/1] 在馆    
9 2001303125   2001303125   320书库/ [索取号:TV642/1] 在馆    
10 2001303126   2001303126   320书库/ [索取号:TV642/1] 在馆    
11 2001303127   2001303127   320书库/ [索取号:TV642/1] 在馆    
12 2001303128   2001303128   320书库/ [索取号:TV642/1] 在馆    
13 2001303129   2001303129   320书库/ [索取号:TV642/1] 在馆    
14 2001303130   2001303130   320书库/ [索取号:TV642/1] 在馆    
15 2001303131   2001303131   320书库/ [索取号:TV642/1] 在馆    
16 2001303132   2001303132   320书库/ [索取号:TV642/1] 在馆    
17 2001303133   2001303133   320书库/ [索取号:TV642/1] 在馆    
18 2001303134   2001303134   320书库/ [索取号:TV642/1] 在馆    
19 2001303135   2001303135   320书库/ [索取号:TV642/1] 在馆    
20 2001303136   2001303136   320书库/ [索取号:TV642/1] 在馆    
21 2001303137   2001303137   320书库/ [索取号:TV642/1] 在馆    
22 2001303138   2001303138   320书库/ [索取号:TV642/1] 在馆    
23 2001303139   2001303139   320书库/ [索取号:TV642/1] 在馆    
24 2001303140   2001303140   320书库/ [索取号:TV642/1] 在馆    
25 2001303141   2001303141   320书库/ [索取号:TV642/1] 在馆    
26 2001303142   2001303142   320书库/ [索取号:TV642/1] 在馆    
27 2001303143   2001303143   320书库/ [索取号:TV642/1] 在馆    
28 2001303144   2001303144   320书库/ [索取号:TV642/1] 在馆    
29 2001303145   2001303145   320书库/ [索取号:TV642/1] 在馆    
30 2001303146   2001303146   320书库/ [索取号:TV642/1] 在馆    
山东省滨州职业学院图书馆 欢迎您!
大连网信软件有限公司© 版权所有